Statistics for ♫ Firestone Lyrics - Kygo ♫

Click here to take the quiz!

General Stats

  • This quiz has been taken 135 times
  • The average score is 10 of 19

Answer Stats

Lyrical Line% Correct
You're {a} fire
94%
Our hearts are like {firestone}s
81%
I'm the {dark} in need of light
71%
I'm a {flame}
68%
We light up the {world}
68%
When we touch, you {inspire}
66%
We can dance in {desire}
63%
But when they strike, we {light} {up} the world
62%
Sparks will fly, they {ignite} our bones
58%
Or we can {burn} in love tonight
57%
There's a world {not} {far} from here
55%
So take me {up}, {take} me higher
54%
And when they {strike}, we feel the love
50%
You're from {Y}
45%
I'm from {X},
36%
Perfect {strangers} in the night
32%
{Feel} the change in me tonight
30%
To the world we'll {testify}
30%
Here we are, {come} together
26%

Score Distribution

Percentile by Number Answered

Percent of People with Each Score

Your Score History

You have not taken this quiz